[Event "DRUGA LIGA SRBIJE-GRUPA VOJVODINA-2019."]
[Site "Kovacica"]
[Date "2019.11.08"]
[Round "11.1"]
[White "Rogac, Srdjan"]
[Black "Hart, Alexander"]
[Result "1-0"]
[WhiteElo "2332"]
[BlackElo "1952"]
[PlyCount "51"]
[EventDate "2019.11.01"]
[WhiteTeam "SK Mladenovo Mladenovo"]
[BlackTeam "SK Bora Ivkov Ban. N. Selo"]

1. Nf3 d5 2. c4 c6 3. b3 Nf6 4. Bb2 e6 5. g3 Nbd7 6. Bg2 Bd6 7. O-O O-O 8. Nc3
Re8 9. Qc2 b6 10. e4 dxc4 11. bxc4 e5 12. d4 Bb7 13. Rfd1 Qe7 14. d5 Nc5 15.
Nh4 g6 16. Bc1 Qc7 17. Bg5 Nfd7 18. Rac1 Qb8 19. Qd2 Be7 20. Bxe7 Rxe7 21. Bh3
Qd6 22. Qe3 Qf6 23. Rd2 Rd8 24. Rcd1 Ree8 25. dxc6 Bxc6 26. Rd6 1-0

[Event "DRUGA LIGA SRBIJE-GRUPA VOJVODINA-2019."]
[Site "Kovacica"]
[Date "2019.11.08"]
[Round "11.1"]
[White "Milanovic, Stanko"]
[Black "Grujic, Zoran"]
[Result "1/2-1/2"]
[WhiteElo "2143"]
[BlackElo "2335"]
[PlyCount "40"]
[EventDate "2019.11.01"]
[WhiteTeam "SK Bora Ivkov Ban. N. Selo"]
[BlackTeam "SK Mladenovo Mladenovo"]

1. e4 c5 2. Nf3 e6 3. c3 Nf6 4. Bd3 d5 5. e5 Nfd7 6. O-O Nc6 7. Re1 Qc7 8. Bb5
a6 9. Bxc6 Qxc6 10. d4 Be7 11. a4 b6 12. Nbd2 Bb7 13. Nf1 h6 14. Ng3 O-O 15.
Nh5 Rfc8 16. Qd2 Bf8 17. Qf4 b5 18. Qg4 Kh8 19. Qf4 Kg8 20. Qg4 Kh8 1/2-1/2

[Event "DRUGA LIGA SRBIJE-GRUPA VOJVODINA-2019."]
[Site "Kovacica"]
[Date "2019.11.08"]
[Round "11.1"]
[White "Parezanin, Darko"]
[Black "Rajin, Milan"]
[Result "1-0"]
[WhiteElo "2221"]
[BlackElo "1920"]
[PlyCount "99"]
[EventDate "2019.11.01"]
[WhiteTeam "SK Mladenovo Mladenovo"]
[BlackTeam "SK Bora Ivkov Ban. N. Selo"]

1. e4 c5 2. Nf3 g6 3. c3 Bg7 4. d4 b6 5. Be3 d6 6. h3 Nf6 7. Bd3 Bb7 8. Nbd2
O-O 9. O-O Nbd7 10. Re1 Nh5 11. a4 Qc7 12. a5 e6 13. a6 Bc6 14. b4 Rad8 15. Rc1
Ba8 16. Qb3 d5 17. exd5 exd5 18. Bb5 c4 19. Qa4 Ndf6 20. Ne5 Ne8 21. g4 Bxe5
22. dxe5 Nhg7 23. Bh6 Qe7 24. Nf3 Nc7 25. Bg5 Qe6 26. Nd4 Qc8 27. Bc6 Nce6 28.
Bxd8 Qxd8 29. Bxa8 Qxa8 30. Nc6 Nf4 31. Re3 Nge6 32. Rd1 Nc7 33. Ne7+ Kg7 34.
Qc6 Qxc6 35. Nxc6 Nb5 36. Kh2 g5 37. Kg3 Re8 38. Nd4 Nc7 39. h4 h6 40. Nf5+ Kh7
41. hxg5 hxg5 42. Rh1+ Kg8 43. Rh6 Ng6 44. Rh5 Ne6 45. Re1 Nef4 46. Rxg5 Nd3
47. Re3 Kf8 48. e6 Nde5 49. exf7 Re6 50. Rxg6 1-0

[Event "DRUGA LIGA SRBIJE-GRUPA VOJVODINA-2019."]
[Site "Kovacica"]
[Date "2019.11.08"]
[Round "11.1"]
[White "Zivkovic, Milan B"]
[Black "Krejic, Igor"]
[Result "0-1"]
[WhiteElo "2046"]
[BlackElo "2229"]
[PlyCount "106"]
[EventDate "2019.11.01"]
[WhiteTeam "SK Bora Ivkov Ban. N. Selo"]
[BlackTeam "SK Mladenovo Mladenovo"]

1. d4 Nf6 2. c4 e6 3. Nc3 Bb4 4. Nf3 O-O 5. a3 Bxc3+ 6. bxc3 h6 7. Bf4 b6 8.
Qc1 Kh7 9. Qc2+ Kh8 10. e4 d6 11. Bd3 Bb7 12. O-O Nbd7 13. Rfe1 Nh5 14. Bg3 e5
15. Qe2 Qf6 16. Rad1 Nf4 17. Bxf4 Qxf4 18. Qe3 Qf6 19. h3 Rfe8 20. d5 Nf8 21.
Nh2 Bc8 22. Bf1 Qg6 23. f4 exf4 24. Qxf4 Nd7 25. Rd3 Qf6 26. Qg3 Ne5 27. Rde3
Qg5 28. Qf2 Re7 29. Nf3 Qf4 30. Nxe5 Qxf2+ 31. Kxf2 Rxe5 32. Bd3 Bd7 33. Kf3 g6
34. R3e2 Kg7 35. Re3 Rae8 36. R3e2 h5 37. Re3 Rh8 38. h4 f6 39. g3 Rhe8 40. Kf2
Rg8 41. Be2 Kh6 42. Rg1 Rge8 43. Bf3 g5 44. Rge1 Rg8 45. Rg1 Re7 46. Rh1 g4 47.
Bd1 Rge8 48. Rhe1 Re5 49. Bc2 Kg6 50. Bd3 f5 51. Bc2 Rf8 52. exf5+ Bxf5 53.
Rxe5 Bxc2+ 0-1

[Event "DRUGA LIGA SRBIJE-GRUPA VOJVODINA-2019."]
[Site "Kovacica"]
[Date "2019.11.08"]
[Round "11.1"]
[White "Mladenovic, Dusan"]
[Black "Njamcul, Dragan"]
[Result "1/2-1/2"]
[WhiteElo "2070"]
[BlackElo "2320"]
[PlyCount "34"]
[EventDate "2019.11.01"]
[WhiteTeam "SK Mladenovo Mladenovo"]
[BlackTeam "SK Bora Ivkov Ban. N. Selo"]

1. e4 e5 2. Nf3 Nc6 3. Bc4 Bc5 4. c3 f5 5. b4 fxe4 6. bxc5 exf3 7. Qxf3 Nf6 8.
O-O d5 9. cxd6 cxd6 10. d4 e4 11. Qg3 d5 12. Be2 O-O 13. Bg5 Ne7 14. h3 Nf5 15.
Qh2 Qd6 16. Qxd6 Nxd6 17. Nd2 Be6 1/2-1/2

[Event "DRUGA LIGA SRBIJE-GRUPA VOJVODINA-2019."]
[Site "Kovacica"]
[Date "2019.11.08"]
[Round "11.1"]
[White "Mik, Aurel"]
[Black "Volarov, Damir"]
[Result "1/2-1/2"]
[WhiteElo "2039"]
[BlackElo "2076"]
[PlyCount "35"]
[EventDate "2019.11.01"]
[WhiteTeam "SK Bora Ivkov Ban. N. Selo"]
[BlackTeam "SK Mladenovo Mladenovo"]

1. e4 d6 2. d4 Nd7 3. Nf3 g6 4. Bc4 Nb6 5. Bb3 Bg7 6. O-O e6 7. Bg5 Ne7 8. Qd2
O-O 9. Bh6 d5 10. Bxg7 Kxg7 11. e5 Ng8 12. h3 Bd7 13. Nc3 Rc8 14. Qe3 Qe7 15.
Ne2 Bb5 16. Rfe1 Nc4 17. Bxc4 Bxc4 18. c3 1/2-1/2

[Event "DRUGA LIGA SRBIJE-GRUPA VOJVODINA-2019."]
[Site "Kovacica"]
[Date "2019.11.08"]
[Round "11.2"]
[White "Dedebas, Emre Emin"]
[Black "Jotic, Vladimir"]
[Result "1/2-1/2"]
[WhiteElo "2345"]
[BlackElo "2288"]
[PlyCount "49"]
[EventDate "2019.11.01"]
[WhiteTeam "SK Vojvodina Novi Sad"]
[BlackTeam "SK Polet Rastina"]

1. d4 Nf6 2. Nf3 e6 3. c4 b6 4. g3 Bb7 5. Bg2 c5 6. d5 exd5 7. Nh4 g6 8. O-O
Bg7 9. Nc3 O-O 10. Bg5 Qe8 11. cxd5 d6 12. a4 Na6 13. Re1 h6 14. Bd2 Nb4 15.
Nb5 Qe7 16. Bxb4 cxb4 17. Nd4 Nxd5 18. Ndf5 gxf5 19. Bxd5 Bxd5 20. Qxd5 Qe6 21.
Nxf5 Qxd5 22. Ne7+ Kh7 23. Nxd5 Bxb2 24. Rab1 Bc3 25. Rec1 1/2-1/2

[Event "DRUGA LIGA SRBIJE-GRUPA VOJVODINA-2019."]
[Site "Kovacica"]
[Date "2019.11.08"]
[Round "11.2"]
[White "Stocko, Josip"]
[Black "Savanovic, Vuk"]
[Result "0-1"]
[WhiteElo "2281"]
[BlackElo "2250"]
[PlyCount "64"]
[EventDate "2019.11.01"]
[WhiteTeam "SK Polet Rastina"]
[BlackTeam "SK Vojvodina Novi Sad"]

1. e4 c5 2. Nf3 Nc6 3. Bb5 g6 4. O-O Bg7 5. c3 Nf6 6. Re1 O-O 7. h3 a6 8. Bxc6
dxc6 9. d4 cxd4 10. cxd4 b6 11. Nc3 Bb7 12. Bf4 Nd7 13. e5 c5 14. d5 c4 15. Qd2
Nc5 16. Bh6 e6 17. Nh2 exd5 18. Ng4 Qh4 19. Bg5 Qh5 20. Nf6+ Bxf6 21. Bxf6 Nd3
22. Ne2 Nxe1 23. Ng3 Nf3+ 24. gxf3 Qxh3 25. Qd4 Rac8 26. Qxb6 Ba8 27. Qd4 c3
28. bxc3 Rc4 29. Qe3 Rfc8 30. Ne2 d4 31. Nxd4 Rxd4 32. e6 Rg4+ 0-1

[Event "DRUGA LIGA SRBIJE-GRUPA VOJVODINA-2019."]
[Site "Kovacica"]
[Date "2019.11.08"]
[Round "11.2"]
[White "Sljukic, Miodrag"]
[Black "Djacanin, Goran"]
[Result "1-0"]
[WhiteElo "2188"]
[BlackElo "2205"]
[PlyCount "103"]
[EventDate "2019.11.01"]
[WhiteTeam "SK Polet Rastina"]
[BlackTeam "SK Vojvodina Novi Sad"]

1. d4 Nf6 2. Nf3 c5 3. c3 g6 4. Bf4 Bg7 5. e3 b6 6. h3 O-O 7. Nbd2 Bb7 8. Be2
d6 9. O-O Nbd7 10. a4 a6 11. Re1 Nd5 12. Bh2 cxd4 13. exd4 Bh6 14. Bf1 Re8 15.
Nc4 b5 16. Ne3 Qb6 17. Nxd5 Bxd5 18. axb5 axb5 19. Rxa8 Bxa8 20. Qd3 b4 21. Qb5
Bc6 22. Qxb4 Qxb4 23. cxb4 Bxf3 24. gxf3 Bd2 25. Ra1 f5 26. h4 Rc8 27. Ra7 Nf6
28. b5 Nd5 29. b3 f4 30. Bc4 e6 31. Rd7 h6 32. b6 Rxc4 33. bxc4 Nxb6 34. Rxd6
Nxc4 35. Rxe6 Kg7 36. Rc6 Na3 37. Ra6 Nc2 38. d5 g5 39. h5 Nd4 40. Kg2 Nf5 41.
Kf1 Bb4 42. Ke2 Nd4+ 43. Kd3 Nxf3 44. Bxf4 gxf4 45. Ke4 Ng5+ 46. Kxf4 Nf7 47.
Kf5 Bd6 48. Ke6 Bb8 49. f4 Nd8+ 50. Ke7 Bc7 51. d6 Bxd6+ 52. Rxd6 1-0

[Event "DRUGA LIGA SRBIJE-GRUPA VOJVODINA-2019."]
[Site "Kovacica"]
[Date "2019.11.08"]
[Round "11.2"]
[White "Ilincic, Aleksa"]
[Black "Babic, Damir M"]
[Result "1-0"]
[WhiteElo "2168"]
[BlackElo "2103"]
[PlyCount "99"]
[EventDate "2019.11.01"]
[WhiteTeam "SK Vojvodina Novi Sad"]
[BlackTeam "SK Polet Rastina"]

1. e4 e5 2. Nf3 Nf6 3. Nc3 Nc6 4. a3 d6 5. Bb5 Bd7 6. d4 Be7 7. h3 O-O 8. d5
Nb8 9. Be2 Ne8 10. g4 c6 11. Be3 Nc7 12. Bc4 Be8 13. dxc6 bxc6 14. Qe2 Ne6 15.
O-O-O Qc8 16. h4 Nd7 17. h5 Rb8 18. Nh4 Ndc5 19. Nf5 Qc7 20. Qd2 Nxe4 21. Nxe4
d5 22. Ba2 dxe4 23. Bxe6 fxe6 24. Nxe7+ Qxe7 25. Qa5 Bf7 26. Qxe5 Rb5 27. Qd6
Qf6 28. Qd4 e5 29. Qd6 a5 30. Qxf6 gxf6 31. Rd6 Rfb8 32. b3 a4 33. b4 Bd5 34.
Rxf6 Rf8 35. Rxf8+ Kxf8 36. g5 Rb7 37. Rh4 Rd7 38. h6 c5 39. Bxc5+ Kf7 40. Be3
Rc7 41. Kb2 Kg6 42. Rh1 Kf5 43. Rd1 Ke6 44. b5 Rc8 45. b6 Rb8 46. Kc3 Rc8+ 47.
Kd2 Bb7 48. Rb1 Rc4 49. Rb4 Rxb4 50. axb4 1-0

[Event "DRUGA LIGA SRBIJE-GRUPA VOJVODINA-2019."]
[Site "Kovacica"]
[Date "2019.11.08"]
[Round "11.2"]
[White "Ivancevic, Bozidar"]
[Black "Stikovic, Dobrica"]
[Result "1-0"]
[WhiteElo "2091"]
[BlackElo "2146"]
[PlyCount "115"]
[EventDate "2019.11.01"]
[WhiteTeam "SK Polet Rastina"]
[BlackTeam "SK Vojvodina Novi Sad"]

1. Nf3 d5 2. b3 Nf6 3. Bb2 Bf5 4. g3 e6 5. Bg2 h6 6. O-O Nbd7 7. d3 Bc5 8. e3
O-O 9. Qe2 c6 10. Nbd2 Qe7 11. Ne5 Nxe5 12. Bxe5 Rfd8 13. Kh1 Nd7 14. Bb2 e5
15. e4 dxe4 16. dxe4 Bg6 17. Rad1 a5 18. a4 f6 19. Nc4 Nf8 20. Ne3 Ne6 21. Qg4
Qe8 22. Bf3 Nd4 23. Bxd4 Bxd4 24. Nf5 Bxf5 25. Qxf5 Bb6 26. Be2 Qe7 27. f4 Rxd1
28. Rxd1 Rd8 29. Bc4+ Kh8 30. Rxd8+ Bxd8 31. Qg6 Bc7 32. f5 Bb6 33. Kg2 Ba7 34.
Kf3 Bg1 35. h4 Bb6 36. g4 Qd7 37. Ke2 Bd8 38. Be6 Qe7 39. g5 fxg5 40. hxg5 Qf8
41. gxh6 gxh6 42. Kf3 Bf6 43. Kg4 Bg7 44. Kh5 Qd8 45. f6 Qd1+ 46. Kh4 Qe1+ 47.
Kg4 Qg1+ 48. Kf5 Qxg6+ 49. Kxg6 Bf8 50. Bf7 b5 51. Kf5 bxa4 52. bxa4 Bd6 53.
Ke6 Bb8 54. Kd7 h5 55. Bxh5 Ba7 56. Kxc6 Kg8 57. c4 Be3 58. Kd6 1-0

[Event "DRUGA LIGA SRBIJE-GRUPA VOJVODINA-2019."]
[Site "Kovacica"]
[Date "2019.11.08"]
[Round "11.3"]
[White "Farkas, Tibor"]
[Black "Robulj, Nenad"]
[Result "1/2-1/2"]
[WhiteElo "2274"]
[BlackElo "2286"]
[PlyCount "23"]
[EventDate "2019.11.01"]
[WhiteTeam "SK Backa Pacir"]
[BlackTeam "SK Krajina Krajisnik"]

1. c4 Nf6 2. g3 g6 3. b3 Bg7 4. Bb2 O-O 5. Bg2 d6 6. d4 Nbd7 7. Nc3 e5 8. e3
exd4 9. Qxd4 Nc5 10. Qd2 Bf5 11. Nge2 Nd3+ 12. Kf1 1/2-1/2

[Event "DRUGA LIGA SRBIJE-GRUPA VOJVODINA-2019."]
[Site "Kovacica"]
[Date "2019.11.08"]
[Round "11.4"]
[White "Pastar, Slaven"]
[Black "Mandic, Milenko"]
[Result "1-0"]
[WhiteElo "2280"]
[BlackElo "1904"]
[PlyCount "127"]
[EventDate "2019.11.01"]
[WhiteTeam "SK Bata Cosic Opovo"]
[BlackTeam "SK Sloga Indjija"]

1. d4 Nf6 2. c4 g6 3. Nf3 Bg7 4. g3 c6 5. Bg2 d5 6. O-O O-O 7. Nbd2 Bf5 8. h3
Ne4 9. Qb3 Qb6 10. e3 Nd7 11. g4 Qxb3 12. axb3 Nxd2 13. Bxd2 Be4 14. Ra4 b5 15.
cxb5 Nb6 16. Ra5 Bd3 17. Rfa1 Bxb5 18. Rxa7 e6 19. Bb4 Rfc8 20. Bc5 Rxa7 21.
Rxa7 Na8 22. Ng5 Nc7 23. Bb6 f6 24. Nf3 Na6 25. Bf1 Nb4 26. Bc5 Bf8 27. Bxf8
Rxf8 28. Bxb5 cxb5 29. Rb7 Rc8 30. Rxb5 Nd3 31. g5 Rc1+ 32. Kg2 fxg5 33. Rb8+
Kg7 34. Nxg5 Rc2 35. Rb7+ Kg8 36. Nxh7 Nxf2 37. Nf6+ Kf8 38. Kg3 Rxb2 39. b4
Nd1 40. Kf4 Rb3 41. Ng4 g5+ 42. Kxg5 Nxe3 43. Kf6 Ke8 44. Kxe6 Kd8 45. Nxe3
Rxe3+ 46. Kxd5 Rxh3 47. Rg7 Rh6 48. Kc5 Rh1 49. b5 Kc8 50. b6 Rc1+ 51. Kd6 Rb1
52. b7+ Kb8 53. d5 Rb2 54. Ke6 Re2+ 55. Kd7 Kxb7 56. Kd8+ Kb8 57. d6 Re6 58. d7
Re1 59. Rg4 Kb7 60. Rb4+ Ka7 61. Kc7 Rc1+ 62. Kd6 Rd1+ 63. Kc6 Ka8 64. Rb5 1-0

[Event "DRUGA LIGA SRBIJE-GRUPA VOJVODINA-2019."]
[Site "Kovacica"]
[Date "2019.11.08"]
[Round "11.4"]
[White "Marceta, Dimitrije"]
[Black "Milenkovic, Mladen"]
[Result "1/2-1/2"]
[WhiteElo "1766"]
[BlackElo "2304"]
[PlyCount "91"]
[EventDate "2019.11.01"]
[WhiteTeam "SK Sloga Indjija"]
[BlackTeam "SK Bata Cosic Opovo"]

1. d4 Nf6 2. Bf4 g6 3. e3 Bg7 4. h4 d6 5. Be2 h6 6. Nd2 Nc6 7. h5 g5 8. Bg3 Bf5
9. c3 Qd7 10. f3 Bh7 11. e4 d5 12. e5 Ng8 13. Nb3 b6 14. Bd3 Bxd3 15. Qxd3 e6
16. O-O-O a5 17. Nh3 Nge7 18. f4 gxf4 19. Bxf4 a4 20. Nd2 Na5 21. g4 c5 22. Kb1
a3 23. b3 c4 24. Qc2 cxb3 25. axb3 b5 26. b4 Nc4 27. Nxc4 a2+ 28. Ka1 dxc4 29.
Nf2 Nd5 30. Bd2 f6 31. Rhe1 fxe5 32. dxe5 Ra3 33. Ne4 O-O 34. Bxh6 Bxh6 35. g5
Bg7 36. Nf6+ Bxf6 37. gxf6 Qh7 38. Rg1+ Kh8 39. Qg6 Ra7 40. Rxd5 exd5 41. e6
Qxg6 42. Rxg6 Rxf6 43. Rxf6 Kg7 44. Rg6+ Kh7 45. Rf6 Kg7 46. Rg6+ 1/2-1/2

[Event "DRUGA LIGA SRBIJE-GRUPA VOJVODINA-2019."]
[Site "Kovacica"]
[Date "2019.11.08"]
[Round "11.4"]
[White "Jovanovski, Slobodan"]
[Black "Parkajic, Branislav"]
[Result "1/2-1/2"]
[WhiteElo "2298"]
[BlackElo "1922"]
[PlyCount "52"]
[EventDate "2019.11.01"]
[WhiteTeam "SK Bata Cosic Opovo"]
[BlackTeam "SK Sloga Indjija"]

1. Nf3 Nf6 2. b3 g6 3. Bb2 Bg7 4. g3 b6 5. Bg2 Bb7 6. O-O O-O 7. c4 c5 8. Na3
Nc6 9. Nc2 Qc7 10. Qb1 d5 11. cxd5 Nxd5 12. Bxg7 Kxg7 13. Qb2+ Nf6 14. Rac1
Rac8 15. d4 cxd4 16. Ncxd4 Qb8 17. Nc2 Rfd8 18. Ne3 Rc7 19. Ng4 Rcd7 20. Nxf6
exf6 21. e3 Ne5 22. Nxe5 Qxe5 23. Qxe5 fxe5 24. Bxb7 Rxb7 25. Rfd1 Rbd7 26.
Rxd7 Rxd7 1/2-1/2

[Event "DRUGA LIGA SRBIJE-GRUPA VOJVODINA-2019."]
[Site "Kovacica"]
[Date "2019.11.08"]
[Round "11.4"]
[White "Muskinja, Luka"]
[Black "Kosanovic, Dragan"]
[Result "1/2-1/2"]
[WhiteElo "1810"]
[BlackElo "2280"]
[PlyCount "65"]
[EventDate "2019.11.01"]
[WhiteTeam "SK Sloga Indjija"]
[BlackTeam "SK Bata Cosic Opovo"]

1. Nf3 d5 2. b3 Bf5 3. Bb2 Nf6 4. e3 e6 5. d4 Bd6 6. Bd3 O-O 7. O-O c6 8. c4
Nbd7 9. Nc3 Qe7 10. Qc2 Bxd3 11. Qxd3 Bb4 12. a3 Ba5 13. b4 Bc7 14. e4 dxe4 15.
Nxe4 Nxe4 16. Qxe4 Nf6 17. Qh4 b5 18. d5 cxd5 19. Bxf6 Qxf6 20. Qxf6 gxf6 21.
cxd5 exd5 22. Rad1 Rfd8 23. Nd4 a6 24. Nc6 Rd6 25. Ne7+ Kf8 26. Nxd5 Rad8 27.
Ne3 Rxd1 28. Rxd1 Rxd1+ 29. Nxd1 Be5 30. Kf1 Ke7 31. Ke2 Ke6 32. h3 f5 33. Kd3
1/2-1/2

[Event "DRUGA LIGA SRBIJE-GRUPA VOJVODINA-2019."]
[Site "Kovacica"]
[Date "2019.11.08"]
[Round "11.4"]
[White "Milojevic, Dusan"]
[Black "Ivanis, Goran"]
[Result "1/2-1/2"]
[WhiteElo "2244"]
[BlackElo "2061"]
[PlyCount "84"]
[EventDate "2019.11.01"]
[WhiteTeam "SK Bata Cosic Opovo"]
[BlackTeam "SK Sloga Indjija"]

1. d4 Nf6 2. c4 e6 3. Nf3 b6 4. g3 Bb7 5. Bg2 Be7 6. O-O O-O 7. Nc3 Ne4 8. Qd3
d5 9. cxd5 exd5 10. Re1 Bd6 11. Nd2 f5 12. e3 Nd7 13. f3 Nxd2 14. Bxd2 Bb4 15.
a3 Bxc3 16. Bxc3 Qf6 17. Rac1 Rfe8 18. b4 a6 19. Bh3 g6 20. Bg2 Qe6 21. Bd2
Rac8 22. a4 Nf6 23. Rc3 c6 24. h3 b5 25. g4 Re7 26. a5 Rce8 27. Rec1 Rc8 28.
Be1 Rf7 29. Bh4 Ne8 30. Bg5 Nd6 31. Qc2 Nc4 32. Qf2 Re8 33. Bf4 Bc8 34. g5 Qe7
35. Rb3 Bd7 36. h4 Qf8 37. Bf1 Re6 38. Qh2 Rfe7 39. Rcc3 Be8 40. Qf2 Bf7 41.
Qe1 Re8 42. Qc1 Qe7 1/2-1/2

[Event "DRUGA LIGA SRBIJE-GRUPA VOJVODINA-2019."]
[Site "Kovacica"]
[Date "2019.11.08"]
[Round "11.5"]
[White "Gajcin, Marina"]
[Black "Sahin, Ozgun"]
[Result "1/2-1/2"]
[WhiteElo "2262"]
[BlackElo "2258"]
[PlyCount "78"]
[EventDate "2019.11.01"]
[WhiteTeam "Somborski SK Sombor"]
[BlackTeam "SK Kraljica PTT Petrovaradin"]

1. e4 c5 2. Nf3 e6 3. d4 cxd4 4. Nxd4 a6 5. c4 Nf6 6. Nc3 Bb4 7. Qd3 d5 8. exd5
exd5 9. Be2 O-O 10. O-O Nc6 11. Nxc6 bxc6 12. Bg5 Be7 13. Rad1 Be6 14. Bxf6
Bxf6 15. cxd5 Bxd5 16. Nxd5 cxd5 17. Bf3 Ra7 18. Bxd5 Qb6 19. b3 Rd8 20. Qf3
Rad7 21. Bc4 Bd4 22. Rd3 g6 23. Qf4 Kg7 24. Rh3 h5 25. Rf3 Bf6 26. a4 a5 27.
Qe3 Bd4 28. Qg5 Bf6 29. Qb5 Qc7 30. Be2 Rd5 31. Qc4 Qb6 32. Qa6 Qxa6 33. Bxa6
Rd1 34. g3 Bb2 35. Bc4 Rxf1+ 36. Kxf1 Rd7 37. Ke2 Ba3 38. Re3 Re7 39. Rxe7 Bxe7
1/2-1/2

[Event "DRUGA LIGA SRBIJE-GRUPA VOJVODINA-2019."]
[Site "Kovacica"]
[Date "2019.11.08"]
[Round "11.5"]
[White "Banovic, Ivan"]
[Black "Czebe, Attila"]
[Result "1/2-1/2"]
[WhiteElo "2218"]
[BlackElo "2368"]
[PlyCount "39"]
[EventDate "2019.11.01"]
[WhiteTeam "SK Kraljica PTT Petrovaradin"]
[BlackTeam "Somborski SK Sombor"]

1. d4 d6 2. Nf3 g6 3. c4 Bg7 4. Nc3 Bg4 5. e3 Nf6 6. Be2 O-O 7. O-O c5 8. d5
Na6 9. h3 Bxf3 10. Bxf3 Nc7 11. e4 Rb8 12. Be2 e6 13. Bg5 exd5 14. exd5 h6 15.
Bf4 Re8 16. Qd3 Qd7 17. Rfe1 Rbd8 18. Bf3 Rxe1+ 19. Rxe1 Re8 20. Rxe8+ 1/2-1/2

[Event "DRUGA LIGA SRBIJE-GRUPA VOJVODINA-2019."]
[Site "Kovacica"]
[Date "2019.11.08"]
[Round "11.5"]
[White "Pajcin, Lav"]
[Black "Tancik, Kristijan"]
[Result "1/2-1/2"]
[WhiteElo "2160"]
[BlackElo "2260"]
[PlyCount "35"]
[EventDate "2019.11.01"]
[WhiteTeam "SK Kraljica PTT Petrovaradin"]
[BlackTeam "Somborski SK Sombor"]

1. e4 c5 2. Nf3 g6 3. d4 cxd4 4. Nxd4 Nc6 5. Nc3 Bg7 6. Be3 Nf6 7. Bc4 O-O 8.
Bb3 Re8 9. O-O d6 10. Nxc6 bxc6 11. h3 Qa5 12. f4 Ba6 13. Rf2 Nd7 14. f5 Ne5
15. Bd4 Rf8 16. Qd2 Rae8 17. Rd1 c5 18. Be3 1/2-1/2